Vocabulario Unidad 4 - Estadísticas

Estadísticas generales
  • Esta prueba ha sido intentada 3 veces
  • La puntuación promedio es 18 de 40
Estadísticas de respuestas
Hint Respuesta % Correcto
Sustantivos ἔρως, ἔρωτος (ὁ) Amor
100%
Sustantivos στόμα, -ματος (τό) Boca
100%
Sustantivos πράγμα, -ματος (τό) Cosa / Asunto
100%
Sustantivos γάλα, γάλακτος (τό) Leche
100%
Sustantivos φῶς, φωτός (τό) Luz
100%
Sustantivos νύξ, νυκτός (ἡ) Noche
100%
Sustantivos ὄνομα, -ματος (τό) Nombre
100%
Sustantivos πατρίς, -ίδος (ἡ) Patria
100%
Sustantivos πούς, ποδός (ὁ) Pie
100%
Sustantivos δέρμα, -ματος (τό) Piel
100%
Sustantivos ὕδωρ, ὕδατος (τό) Agua
50%
Sustantivos ὤψ, ὠπός (ἡ) Cara / Rostro
50%
Sustantivos χρῶμα, -ματος (τό) Color
50%
Verbos παρ-έχω Dar
50%
Verbos ἐκ-βάλλω Expulsar / Echar fuera
50%
Sustantivos φάρυγξ, φάρυγγος (ὁ) Faringe
50%
Sustantivos φύλαξ, -ακος (ὁ) Guardián
50%
Verbos δια-λέγω Hablar / Dialogar
50%
Sustantivos δόρυ, δόρατος (τό) Lanza
50%
Sustantivos κῆρυξ, -υκος (ὁ) Mensajero / Heraldo
50%
Verbos ἀπο-θνῄσκω Morir
50%
Sustantivos παῖς, παιδός (ὁ) Niño
50%
Sustantivos αἷμα, αἵματος (τό) Sangre
50%
Sustantivos θώραξ, -ακος (ὁ) Tórax / Pecho / Coraza
50%
Sustantivos πνεῦμα, -ματος (τό) Viento / Aire
50%
Sustantivos μάθημα, -ματος (τό) Aprendizaje
0%
Verbos κατα-βαίνω Bajar
0%
Verbos μετα-βάλλω Cambiar / Mutar
0%
Verbos συμ-βουλεύω Deliberar / Decidir con
0%
Verbos εἰσ-έρχομαι Entrar
0%
Verbos πάρ-ειμι Estar presente
0%
Sustantivos χάρις, χάριτος (ἡ) Gracia
0%
Sustantivos ἧπαρ, ἥπατος (τό) Hígado
0%
Sustantivos οὖς, ὠτός (τό) Oído
0%
Sustantivos ὄρνις, ὄρνιθος (ὁ / ἡ) Pájaro / Ave
0%
Verbos παρα-σκευάζω Preparar
0%
Verbos ἀπο-κρίνω Separar
0%
Verbos ἀνα-βαίνω Subir
0%
Verbos ἀν-άγω Subir / Llevar hacia arriba
0%
Verbos ἐπι-στρέφω Volver
0%
No se encontraron pruebas coincidentes
Distribución de puntuación
Porcentaje de gente con cada puntuación
Porcentaje por número respondido
Historial de tus puntuaciones
No has intentado esta prueba.